| 000 | 00000nam##2200000za#4500 |
| 001 | 9.613821 |
| 003 | CaOODSP |
| 005 | 20200327131915 |
| 007 | ta |
| 008 | 150406|1997||||xxc||||| f|0| 0 eng|d |
| 022 | |a0706-6457 |
| 040 | |aCaOODSP|beng |
| 043 | |an-cn--- |
| 086 | 1 |aFs97-6/2165E |
| 110 | 1 |aCanada. |bDepartment of Fisheries and Oceans. |
| 245 | 10|aSpatial and temporal characterization of suspended sediments and substrate composition in Catamaran Brook, New Brunswick / |cby André St-Hilaire et al. |
| 260 | |aOttawa - Ontario : |bFisheries and Oceans Canada |c1997. |
| 300 | |a31p. : |bgraphs, maps, references, tables ; |c28 cm. |
| 490 | 1 |aCanadian technical report of fisheries and aquatic sciences|x0706-6457|v2165 |
| 500 | |aPrepared at the Department of Fisheries and Oceans, Maritime Region, Science Branch, Diadromous Fish Division, P.O. Box 5030, Moncton, N.B. E1C 9B6. |
| 546 | |aRésumés en français |
| 563 | |aSoftcover |
| 590 | |a97-19|b1997-05-09 |
| 720 | 1 |aSt-Hilaire, André |
| 776 | 0#|tSpatial and temporal characterization of suspended sediments and substrate composition in Catamaran Brook, New Brunswick / |w(CaOODSP)9.574146 |
| 830 | #0|aCanadian technical report of fisheries and aquatic sciences,|x0706-6457|v2165|w(CaOODSP)9.514691 |